000 00576cam a22001691 4500
082 _a729.35
_bTER
_cD
100 1 _aTerrington, John Stanley.
_944780
245 1 0 _aDesign of arch roofs,
_cby J. S. Terrington.
260 _aLondon,
_bConcrete publications limited
_c[1937]
300 _a30 p., 1 l.
_bincl. tables, diagrs.
_c24 cm.
490 0 _aConcrete series
500 _a"Reprinted from ʻConcrete and constructional engineering.̕"
526 _a0
_b0
_c0
_d729_350000000000000_TER
650 0 _aReinforced concrete.
_940928
650 0 _aRoofs.
_942299
942 _2ddc
_cBK
999 _c548470
_d548470